| 000 | 00542nam a22001817a 4500 | ||
|---|---|---|---|
| 999 |
_c37986 _d37986 |
||
| 003 | CUTN | ||
| 005 | 20220218110217.0 | ||
| 008 | 220218b ||||| |||| 00| 0 eng d | ||
| 041 | _aEnglish | ||
| 082 | _a380 | ||
| 100 | _aArjun, TP (M191702) | ||
| 245 |
_aFinancial Literacy and financial well-being of kudumbashree neighbourhood group _bThe case of panagad grama panchayat in Kerala |
||
| 250 | _aThiruvarur | ||
| 260 |
_aCentral University of Tamil Nadu _bJuly,2021 |
||
| 300 | _a158p, | ||
| 690 | _aRameshkumar,S | ||
| 942 |
_2ddc _cTDP |
||